00473nam a2200133Ia 4500008004100000245008800041260003500129260000900164300000900173650001300182856005200195999001900247952007300266170516s9999 xx 000 0 und d 2aA Bootstrapping Approach for Entity Linking from Biomedical Literature U. Kanimozhi bAsian Journal of Pharmaceutics c2017 a11:1 xPharmacy uhttp://www.asiapharmaceutics.info/index.php/ajp c330935d330935 001040aCLbCLd2017-05-16l0r2017-05-16 00:00:00w2017-05-16yFOJ